Discovery of the richest frog fauna in the world (Registro nro. 16320)
[ vista simple ]
| 000 -CABECERA | |
|---|---|
| Campo de control | 005880000a22001690004500 |
| 090 ## - CLASIFICACIÓN LOCAL | |
| Colección | Seriadas |
| 044 ## - PAÍS DE PUBLICACIÓN | |
| País de publicación | |
| 041 0# - IDIOMA | |
| Código de idioma para texto/pista de sonido o título separado | |
| 100 1# - ASIENTO PRINCIPAL--NOMBRE PERSONAL | |
| Nombre personal | Lynch, John D. |
| 245 10 - MENCION DE TITULO | |
| Título | Discovery of the richest frog fauna in the world |
| Version | an exploration of the forests to the north of Leticis |
| 651 #4 - ASIENTO SECUNDARIO DE MATERIA - NOMBRE GEOGRAFICO | |
| -- | Colombia |
| -- | Leticia |
| 773 1# - Item fuente: | |
| Título | Revista de la Academia Colombiana de ciencias exactas, físicas y naturales |
| Descripción física | 113 |
| Paginas del Articulo | 581-588 |
| Lugar, editorial y fecha de publicación | 2005 |
| Información sobre la relación | 29 |
| 942 ## - ELEMENTOS ADICIONALES (KOHA) | |
| Tipo de ítem | Artículo |
No hay ítems disponibles.